Intel microprocessors 8086/8088 (Record no. 137102)

000 -LEADER
fixed length control field 00304nam a2200109Ia 4500
008 - FIXED-LENGTH DATA ELEMENTS--GENERAL INFORMATION
fixed length control field 220120s9999||||xx |||||||||||||| ||und||
100 ## - MAIN ENTRY--PERSONAL NAME
Personal name Brey, Barry B
245 #0 - TITLE STATEMENT
Title Intel microprocessors 8086/8088
260 ## - PUBLICATION, DISTRIBUTION, ETC.
Place of publication, distribution, etc. Prenice hall of India
Name of publisher, distributor, etc. Bangalore
Date of publication, distribution, etc. 2006
300 ## - PHYSICAL DESCRIPTION
Extent VIII, 227p.
Other physical details 115
650 ## - SUBJECT ADDED ENTRY--TOPICAL TERM
Topical term or geographic name entry element MECHANICHAL
Holdings
Withdrawn status Lost status Damaged status Not for loan Collection code Home library Current library Date acquired Barcode Date last seen Price effective from Koha item type
        Computer Science and Engineering Central Library Central Library 01/20/2022 GF961 01/20/2022 01/20/2022 Gift Books

Powered by Koha